[Event "ISR-chT 13"]
[Site "Israel"]
[Date "2013.02.01"]
[Round "9.6"]
[White "Sahvit, Tzahi"]
[Black "Porat, David"]
[Result "1/2-1/2"]
[WhiteElo "1820"]
[BlackElo "2240"]
[PlyCount "83"]
[EventDate "2012.12.21"]
[EventType "team"]
[EventRounds "11"]
[EventCountry "ISR"]
[SourceTitle "EXT 2014"]
[Source "ChessBase"]
[SourceDate "2013.11.20"]
[SourceVersion "1"]
[SourceVersionDate "2013.11.20"]
[SourceQuality "1"]

1. e4 c5 2. Nf3 d6 3. c3 Nf6 4. g3 g6 5. Bg2 Bg7 6. 0-0 0-0 7. Qe2 Nc6 8. Rd1 d5 9. exd5 Nxd5 10. d4 cxd4 11. cxd4 Bf5 12. a3 Rc8 13. Nc3 Nxc3 14. bxc3 Na5 15. Nh4 Be6 16. Bg5 Re8 17. d5 Bd7 18. d6 f6 19. dxe7 Qxe7 20. Be3 Nc4 21. Bxb7 Rc7 22. Bd5+ Be6 23. Ng2 Bxd5 24. Rxd5 Nxe3 25. Nxe3 Rxc3 26. Qd2 Rc7 27. Qb4 Qxb4 28. axb4 f5 29. Ra4 Re4 30. Rda5 Bd4 31. b5 f4 32. gxf4 Rxf4 33. Ra2 Rcf7 34. R5a3 h5 35. Kg2 g5 36. h3 Rf3 37. Rd3 Bb6 38. Rad2 Kh7 39. Rd5 Kg6 40. Rd6+ Kh7 41. R6d5 Kg6 42. Rd6+ 1/2-1/2

[Event "ISR-chT 13"]
[Site "Israel"]
[Date "2013.01.18"]
[Round "7.6"]
[White "Sahvit, Tzahi"]
[Black "Nabaty, Tamir"]
[Result "0-1"]
[WhiteElo "1820"]
[BlackElo "2569"]
[PlyCount "40"]
[EventDate "2012.12.21"]
[EventType "team"]
[EventRounds "11"]
[EventCountry "ISR"]
[SourceTitle "EXT 2014"]
[Source "ChessBase"]
[SourceDate "2013.11.20"]
[SourceVersion "1"]
[SourceVersionDate "2013.11.20"]
[SourceQuality "1"]

1. e4 e6 2. d4 d5 3. e5 c5 4. Bb5+ Bd7 5. Bxd7+ Qxd7 6. c3 Nc6 7. f4 h5 8. h4 Nh6 9. Ne2 Nf5 10. Kf2 Rc8 11. a3 cxd4 12. Nxd4 Ncxd4 13. cxd4 Nxd4 14. Nc3 Nf5 15. Qa4 Qxa4 16. Nxa4 Rc2+ 17. Kf3 b5 18. Nc3 Bc5 19. Rf1 Rh6 20. g4 hxg4+ 0-1

[Event "ISR-chT 13"]
[Site "Israel"]
[Date "2013.01.11"]
[Round "5.6"]
[White "Sahvit, Tzahi"]
[Black "Klenburg, Mikhail"]
[Result "0-1"]
[WhiteElo "1820"]
[BlackElo "2366"]
[PlyCount "52"]
[EventDate "2012.12.21"]
[EventType "team"]
[EventRounds "11"]
[EventCountry "ISR"]
[SourceTitle "EXT 2014"]
[Source "ChessBase"]
[SourceDate "2013.11.20"]
[SourceVersion "1"]
[SourceVersionDate "2013.11.20"]
[SourceQuality "1"]

1. e4 d6 2. d4 Nf6 3. Bd3 e5 4. f4 exd4 5. c3 dxc3 6. Nxc3 g6 7. Nf3 Bg7 8. 0-0 0-0 9. Qe1 c6 10. f5 Nbd7 11. Qh4 Ne5 12. Nxe5 dxe5 13. Rf3 Nh5 14. Bg5 Bf6 15. fxg6 fxg6 16. Raf1 Kg7 17. g4 Bxg5 18. Rxf8 Be3+ 19. Qf2 Bxf2+ 20. R1xf2 Qxf8 21. Rxf8 Kxf8 22. gxh5 gxh5 23. h4 Bg4 24. Kf2 Ke7 25. Ke3 Rf8 26. Be2 Rf4 0-1